Yo, el gran Fercho / (Registro nro. 60625)

Detalles MARC
000 -CABECERA
Longitud fija campo de control 01691nam a2200433 c 4500
003 - IDENTIFICADOR DEL NUMERO DE CONTROL
Identificador del número de control CO-BoRNBP
005 - FECHA Y HORA DE LA ULTIMA TRANSACCION
Fecha y hora de la última transacción 20260225214944.0
007 - CAMPO FIJO DE DESCRIPCION FISICA
Campo fijo de descripción física ta
008 - CODIGOS DE INFORMACION DE LONGITUD FIJA
Códigos de información de longitud fija 210828r20052015ck a br 000 jdspa d
020 ## - NUMERO INTERNACIONAL NORMALIZADO PARA LIBROS
Número Internacional Normalizado para Libros (ISBN) 7706894120246
020 ## - NUMERO INTERNACIONAL NORMALIZADO PARA LIBROS
Número Internacional Normalizado para Libros (ISBN) 9789580485988
040 ## - FUENTE DE LA CATALOGACION
Centro catalogador de origen CO-BoRNBP
Lengua de catalogación spa
Normas de descripción rda
Centro transcriptor CO-BoRNBP
041 1# - CODIGO DE LENGUA
Código de lengua del texto/banda sonora o título independiente spa
Código de lengua original eng
043 ## - CODIGO DE AREA GEOGRAFICA
Código de área geográfica n-us---
084 ## - Clasificación Local Alfanúmerica PNLB
Número de clasificación C SHA3
100 10 - PUNTO DE ACCESO PRINCIPAL-NOMBRE DE PERSONA
Nombre de persona Sharmat, Marjorie Weinman,
Fechas asociadas al nombre 1928-2019
Término indicativo de función aut
245 10 - TITULO PROPIAMENTE DICHO
Título Yo, el gran Fercho /
Mención de responsabilidad, etc. Marjorie Weinmam Sharmat ; ilustraciones de Marc Simont ; traducción María Paz Amaya.
250 ## - MENCION DE EDICION
Mención de edición Primera edición
Resto de la mención de edición Primera reimpresion
264 #1 - PRODUCCION, PUBLICACION , DISTRIBUCION, FABRICACION Y COPYRIGHT
Lugar de producción, publicación, distribución, fabricación Bogotá, Colombia :
Nombre del productor, editor, distribuidor, fabricante Educativa,
Fecha de de producción, publicación, distribución, fabricación o copyright 2018
300 ## - DESCRIPCION FISICA
Extensión 60 páginas :
Otras características físicas ilustraciones
336 ## - TIPO DE CONTENIDO
Término de tipo de contenido texto
Código de tipo de contenido txt
Fuente rdacontent
337 ## - TIPO DE MEDIO
Nombre del tipo de medio sin mediación
Código del tipo de medio n
Fuente rdamedia
338 ## - TIPO DE SOPORTE
Nombre del tipo de soporte volumen
Código del tipo de soporte nc
Fuente rdacarrier
490 0# - MENCION DE SERIE
Mención de serie Torre de Papel. Naranja
500 ## - NOTA GENERAL
Nota general El folleto acompañante es un cuaderno de actividades
500 ## - NOTA GENERAL
Nota general El material corresponde a la dotación PNLB 2023, corresponde al año 2018
500 ## - NOTA GENERAL
Nota general El material correspondiente a las dotaciones PNLB 2021 y BNC-2021 no incluyó el folleto acompañante de entregas anteriores
521 ## - NOTA DE PUBLICO DESTINATARIO
Nota público destinatario (R ) Recomendado para un público infantil mayor de 6 años
534 ## - Nota De Versión Original
Título Nathe the great
650 17 - PUNTO DE ACCESO ADICIONAL DE MATERIA - TERMINO DE MATERIA
Término de materia o nombre geográfico como elemento inicial Cuentos infantiles estadounidenses
Subdivisión cronológica Siglo XX
Fuente del encabezamiento rnbp
650 17 - PUNTO DE ACCESO ADICIONAL DE MATERIA - TERMINO DE MATERIA
Término de materia o nombre geográfico como elemento inicial Detectives
Subdivisión de forma Cuentos
Fuente del encabezamiento lemb
650 17 - PUNTO DE ACCESO ADICIONAL DE MATERIA - TERMINO DE MATERIA
Término de materia o nombre geográfico como elemento inicial Niños
Subdivisión de forma Cuentos
Fuente del encabezamiento lemb
650 17 - PUNTO DE ACCESO ADICIONAL DE MATERIA - TERMINO DE MATERIA
Término de materia o nombre geográfico como elemento inicial Animales
Subdivisión de forma Cuentos
Fuente del encabezamiento lemb
650 17 - PUNTO DE ACCESO ADICIONAL DE MATERIA - TERMINO DE MATERIA
Término de materia o nombre geográfico como elemento inicial Literatura infantil estadounidense
Subdivisión cronológica Siglo XX
Fuente del encabezamiento rnbp
700 10 - PUNTO DE ACCESO ADICIONAL - NOMBRE DE PERSONA
Nombre de persona Amaya, María Paz
Término indicativo de función trl
700 1# - PUNTO DE ACCESO ADICIONAL - NOMBRE DE PERSONA
Nombre de persona Simont, Marc
Fechas asociadas al nombre 1915-2013
Término indicativo de función ill
942 ## - ENTRADA DE ELEMENTOS AGREGADOS (KOHA)
Fuente de clasificaión o esquema
Koha [por defecto] tipo de item Libro Literatura
Existencias
Perdido Fuente de clasificación o esquema Estado Físico No para préstamo Forma de adquisición Localización permanente Localización actual Localización en estanterías Fecha adquisición Préstamos totales Signatura completa Código de barras Fecha última consulta Número de copia Fecha del precio de reemplazo Tipo de item de Koha
  Dewey Decimal Classification     Infantil Biblioteca Pública San Juan de Arama - Concepción de Arama Biblioteca Pública San Juan de Arama - Concepción de Arama Sala Infantil 02/25/2026   C SHA3 SJA01606 02/25/2026 Ej.1 02/25/2026 Literatura Infantil









Instituto Departamental de Cultura del Meta - Red Departamental de Bibliotecas Públicas del Meta.